[Event "Reykjavik Open 2016"]
[Site "Reykjavik ISL"]
[Date "2016.03.09"]
[Round "2.49"]
[White "Papp, Petra"]
[Black "Cohen, Lawrence S"]
[Result "1-0"]
[WhiteTitle "WGM"]
[WhiteElo "2325"]
[BlackElo "1930"]
[WhiteFideId "739049"]
[BlackFideId "2026228"]
[EventDate "2016.03.08"]

1. e4 c5 2. Nf3 e6 3. d4 cxd4 4. Nxd4 Nc6 5. Nc3 a6 6. Nxc6 bxc6 7. Bd3 d5 8.
O-O Nf6 9. Qe2 Be7 10. b3 d4 11. Na4 e5 12. f4 Nd7 13. c3 dxc3 14. Nxc3 Nc5 15.
Bc4 Qd4+ 16. Qe3 Nxb3 17. axb3 Bc5 18. Qf2 Qxf2+ 19. Rxf2 exf4 20. Bxf4 O-O 21.
Na4 Bxf2+ 22. Kxf2 Be6 23. Nc5 Bxc4 24. bxc4 Rfe8 25. Kf3 a5 26. Bc7 f6 27. Rxa5
Rxa5 28. Bxa5 Kf7 29. Bd2 Ra8 30. Be3 Ke7 31. Nb3 Kd7 32. c5 Ra4 33. Nd4 g6 34.
h4 h5 35. Ne2 Ke7 36. g3 Rc4 37. Nf4 Kf7 38. Nd3 Ke6 39. Bf4 f5 40. e5 Rc3 41.
Ke2 Kd5 42. Kd2 Kd4 43. e6 Ra3 44. e7 Ra8 45. Bc7 Re8 46. Bd6 1-0

[Event "Reykjavik Open 2016"]
[Site "Reykjavik ISL"]
[Date "2016.03.09"]
[Round "2.51"]
[White "Sigfusson, Sigurdur"]
[Black "Skulason, Johann"]
[Result "1-0"]
[WhiteTitle "FM"]
[WhiteElo "2299"]
[BlackElo "1747"]
[WhiteFideId "2300168"]
[BlackFideId "1733915"]
[EventDate "2016.03.08"]

1. e4 c5 2. Nf3 Nc6 3. d4 cxd4 4. Nxd4 e5 5. Nb5 a6 6. Nd6+ Bxd6 7. Qxd6 Qf6 8.
Qd1 Qg6 9. Be3 Qxe4 10. Nc3 Qb4 11. Qd2 Nge7 12. a3 Qa5 13. Bc4 O-O 14. O-O Kh8
15. b4 Qc7 16. Bc5 f6 17. Nd5 Nxd5 18. Bxf8 Nf4 19. Bd6 Qd8 20. c3 b6 21. g3
Nh3+ 22. Kg2 Ng5 23. Bd5 Bb7 24. f4 exf4 25. gxf4 Ne6 26. Rae1 Qc8 27. Kg1 g5
28. fxg5 Nxg5 29. Rxf6 1-0

[Event "Reykjavik Open 2016"]
[Site "Reykjavik ISL"]
[Date "2016.03.09"]
[Round "2.53"]
[White "Tan, Teck Woon"]
[Black "Lehner, Oliver"]
[Result "1/2-1/2"]
[BlackTitle "IM"]
[WhiteElo "1488"]
[BlackElo "2418"]
[WhiteFideId "5813522"]
[BlackFideId "1602560"]
[EventDate "2016.03.08"]

1. d4 Nf6 2. Bf4 g6 3. Nf3 Bg7 4. e3 O-O 5. Be2 d6 6. h3 c5 7. c3 cxd4 8. exd4
Qb6 9. Qb3 Qxb3 10. axb3 Nc6 11. O-O Re8 12. Bb5 Bd7 13. Nbd2 a6 14. Bxc6 Bxc6
15. Rfe1 Nd7 16. Re2 e5 17. Rae1 f6 18. Bg3 b5 19. c4 Red8 20. Bh2 h6 21. Bg3
Kh7 22. Bh2 g5 23. g4 Kg6 24. Bg3 Rac8 25. Rc1 Bb7 26. Re3 Nb6 27. Rec3 Bf8 28.
d5 f5 29. Ne1 f4 30. Bh2 Be7 31. f3 Rd7 32. Kg2 Rh8 33. Bg1 Bd8 34. Nd3 h5 35.
Ne4 hxg4 36. hxg4 Re8 37. Bf2 bxc4 38. bxc4 Nc8 39. Rh1 a5 40. b3 Ne7 41. Rcc1
Ng8 42. Rh5 Bf6 43. Ra1 Ra8 44. Bb6 a4 45. bxa4 Ba6 46. Nb2 Rc8 47. Rc1 Bb7 48.
Rd1 Ba6 49. Rc1 Bb7 50. Rd1 Ba6 1/2-1/2

[Event "Reykjavik Open 2016"]
[Site "Reykjavik ISL"]
[Date "2016.03.09"]
[Round "2.54"]
[White "Vojinovic, Jovana"]
[Black "Kleinert, Juergen"]
[Result "1-0"]
[WhiteTitle "WGM"]
[WhiteElo "2366"]
[BlackElo "1906"]
[WhiteFideId "937266"]
[BlackFideId "4659180"]
[EventDate "2016.03.08"]

1. c4 e5 2. e3 Nf6 3. Nc3 Bb4 4. Nge2 Nc6 5. a3 Be7 6. Nd5 O-O 7. Nec3 d6 8. Qc2
Ne8 9. b3 f5 10. Bb2 Be6 11. Bd3 g6 12. Be2 Bg5 13. g3 Bh6 14. h4 a6 15. h5 g5
16. f3 Rb8 17. g4 fxg4 18. fxg4 Qd7 19. Rg1 b5 20. O-O-O b4 21. axb4 Nxb4 22.
Nxb4 Rxb4 23. Ne4 Nf6 24. Nxf6+ Rxf6 25. d4 exd4 26. Rxd4 Bg7 27. Re4 Rf2 28. h6
Bxb2+ 29. Qxb2 Rf7 30. Rf1 Rxf1+ 31. Bxf1 Qf7 32. Bg2 Bd7 33. Re8+ Bxe8 34. Bd5
Kf8 35. Qh8+ Ke7 36. Bxf7 Bxf7 37. Qxh7 Rxb3 38. Qg7 Rxe3 1-0

[Event "Reykjavik Open 2016"]
[Site "Reykjavik ISL"]
[Date "2016.03.09"]
[Round "2.55"]
[White "Bopp, Thomas"]
[Black "Hrafnsson, Hreinn"]
[Result "1-0"]
[WhiteElo "2166"]
[BlackElo "1651"]
[WhiteFideId "4656113"]
[BlackFideId "2304686"]
[EventDate "2016.03.08"]

1. Nf3 d5 2. d4 Nf6 3. c4 e6 4. g3 c6 5. Bg2 Bb4+ 6. Bd2 Bxd2+ 7. Nbxd2 O-O 8.
O-O Nbd7 9. Re1 Re8 10. e4 dxe4 11. Nxe4 Nxe4 12. Rxe4 b6 13. Re1 Bb7 14. Qd2 e5
15. dxe5 Nxe5 16. Rxe5 Qf6 17. Rxe8+ Rxe8 18. Qd7 Qe7 19. Qxe7 Rxe7 20. Rd1 g6
21. Re1 Rd7 22. b4 Ba6 23. Rc1 Re7 24. c5 bxc5 25. bxc5 Bb7 26. Nd4 1-0

[Event "Reykjavik Open 2016"]
[Site "Reykjavik ISL"]
[Date "2016.03.09"]
[Round "2.56"]
[White "Sigeman, Johan"]
[Black "Berg, Bo 1949"]
[Result "1-0"]
[WhiteElo "2164"]
[BlackElo "1664"]
[WhiteFideId "1705601"]
[BlackFideId "1733869"]
[EventDate "2016.03.08"]

1. c4 b6 2. d4 Bb7 3. d5 e6 4. a3 Nf6 5. Nc3 Be7 6. e4 e5 7. f4 d6 8. Bd3 Nbd7
9. Nf3 a6 10. O-O O-O 11. Kh1 exf4 12. Bxf4 Nh5 13. Be3 g6 14. Bh6 Ng7 15. Qd2
Bf6 16. Rf2 Ne5 17. Nxe5 Bxe5 18. Bg5 f6 19. Be3 Rf7 20. Raf1 Qe7 21. Ne2 Raf8
22. Nd4 Bxd4 23. Bxd4 Bc8 24. Qc3 f5 25. Bxg7 Rxg7 26. exf5 Bxf5 27. Bxf5 Rxf5
28. Rxf5 gxf5 29. Rxf5 Qe4 30. Qf3 Qe1+ 31. Qf1 Qxf1+ 32. Rxf1 Re7 33. h3 Re2
34. b3 a5 35. a4 Kg7 36. Kh2 Re3 37. Rf3 Re5 38. g4 h5 39. Kg3 hxg4 40. hxg4 Kg6
41. Kf4 Re7 42. Re3 Rf7+ 43. Kg3 Kg5 44. Re8 Rg7 45. Rf8 Re7 46. Rg8+ Kf6 47.
Kf4 Kf7 48. Rh8 Kg7 49. Rh3 Kg6 50. g5 Kg7 51. Re3 Rf7+ 52. Kg4 Kg8 53. g6 Rf8
54. Re7 Rc8 55. Kf5 Rf8+ 56. Kg5 1-0

[Event "Reykjavik Open 2016"]
[Site "Reykjavik ISL"]
[Date "2016.03.09"]
[Round "2.57"]
[White "Lobersli, Henrik Oie"]
[Black "Luu, Robert"]
[Result "1-0"]
[WhiteElo "2134"]
[BlackElo "1599"]
[WhiteFideId "1511947"]
[BlackFideId "2311798"]
[EventDate "2016.03.08"]

1. d4 d5 2. c4 c6 3. Nf3 Nf6 4. e3 Bf5 5. Nc3 e6 6. Nh4 Be4 7. f3 Bg6 8. Nxg6
hxg6 9. g3 Bd6 10. f4 Nbd7 11. Bg2 Qe7 12. O-O O-O 13. b3 Kh7 14. Bb2 Rh8 15.
Qf3 Kg8 16. Rfe1 Re8 17. Rad1 Bc7 18. e4 dxe4 19. Nxe4 Nxe4 20. Qxe4 Nf6 21. Qf3
Qf8 22. Kh1 Kh7 23. d5 exd5 24. Bxf6 gxf6 25. cxd5 cxd5 26. Qxd5 b6 27. Qb7 Bb8
28. Bc6 Rxe1+ 29. Rxe1 Kg7 30. Re7 Qc8 31. Rxf7+ Kh6 32. Rh7+ Rxh7 33. Qxc8 1-0

[Event "Reykjavik Open 2016"]
[Site "Reykjavik ISL"]
[Date "2016.03.09"]
[Round "2.58"]
[White "Baldursson, Hrannar"]
[Black "Mai, Alexander Oliver"]
[Result "1/2-1/2"]
[WhiteTitle "AGM"]
[WhiteElo "2124"]
[BlackElo "1558"]
[WhiteFideId "2301156"]
[BlackFideId "2313391"]
[EventDate "2016.03.08"]

1. e4 e5 2. Nf3 Nc6 3. Bb5 a6 4. Bxc6 dxc6 5. O-O Be7 6. Nc3 Bg4 7. h3 Bxf3 8.
Qxf3 Bf6 9. d3 Ne7 10. Be3 O-O 11. Rad1 b6 12. Ne2 c5 13. Ng3 Nc6 14. c3 g6 15.
Bh6 Bg7 16. Bxg7 Kxg7 17. Qg4 Qc8 18. Qg5 Qd8 19. Nh5+ Kh8 20. Nf6 Kg7 21. Nh5+
Kh8 22. Qh6 gxh5 23. Qxc6 Rg8 24. f4 Qh4 25. fxe5 Rxg2+ 26. Kxg2 Rg8+ 27. Kf3
Qxh3+ 28. Ke2 Rg2+ 29. Rf2 Qg4+ 30. Ke3 Qg3+ 31. Rf3 Qg5+ 32. Rf4 Qg3+ 33. Rf3
Qg5+ 34. Rf4 1/2-1/2

[Event "Reykjavik Open 2016"]
[Site "Reykjavik ISL"]
[Date "2016.03.09"]
[Round "2.59"]
[White "Olafsson, Olafur Orn"]
[Black "Darnell, Anton"]
[Result "0-1"]
[WhiteElo "1129"]
[BlackElo "2110"]
[WhiteFideId "2312042"]
[BlackFideId "1720244"]
[EventDate "2016.03.08"]

1. d4 Nf6 2. c4 e6 3. Nc3 Bb4 4. e3 O-O 5. Bd2 d5 6. Nf3 b6 7. a3 Be7 8. Bd3 Bb7
9. O-O Nbd7 10. Qc2 c5 11. Rfe1 Rc8 12. b3 Qc7 13. Ra2 Rfd8 14. e4 dxc4 15. bxc4
cxd4 16. Nxd4 Ne5 17. Ncb5 Qd7 18. Be3 a6 19. Nc3 Nxd3 20. Qxd3 e5 21. Rd1 Bc5
22. Rad2 exd4 23. Bxd4 Bxd4 24. Qxd4 Qxd4 25. Rxd4 Rxd4 26. Rxd4 Kf8 27. f3 b5
28. Nd5 Nxd5 29. cxd5 Rc3 30. a4 Rc4 31. Rxc4 bxc4 32. Kf2 Ke7 33. Ke3 a5 34.
Kd4 Ba6 35. e5 c3 36. Kxc3 Bf1 37. g3 Bg2 38. d6+ Kd7 39. f4 Bc6 40. h4 Bxa4 41.
Kc4 Bc6 42. g4 a4 43. Kb4 Ke6 44. Kc5 Kd7 45. f5 Bf3 46. Kb4 Bxg4 47. Kxa4 Bxf5
48. Kb3 Ke6 49. d7 Kxd7 50. Kc4 Ke6 51. Kd4 Bb1 52. Ke3 Kxe5 53. Kf3 h5 54. Kg3
Be4 0-1

[Event "Reykjavik Open 2016"]
[Site "Reykjavik ISL"]
[Date "2016.03.09"]
[Round "2.60"]
[White "Birkisson, Bardur Orn"]
[Black "Ragnarsson, Heimir Pall"]
[Result "1-0"]
[WhiteElo "2017"]
[BlackElo "1527"]
[WhiteFideId "2310597"]
[BlackFideId "2308860"]
[EventDate "2016.03.08"]

1. c4 c5 2. g3 g6 3. Bg2 Bg7 4. Nc3 f5 5. e3 e5 6. Nge2 Nc6 7. Nd5 d6 8. a3 Nge7
9. Nec3 Be6 10. Rb1 e4 11. d3 exd3 12. Qxd3 Ne5 13. Qe2 O-O 14. Nxe7+ Qxe7 15.
Nd5 Qf7 16. O-O b5 17. b3 Rab8 18. Bd2 bxc4 19. bxc4 Qd7 20. f4 Ng4 21. Qd3 Rfe8
22. Bc3 Kf8 23. Bxg7+ Qxg7 24. h3 Rxb1 25. Rxb1 Bxd5 26. Bxd5 Nxe3 27. Bc6 Re7
28. Rb8+ Kf7 29. Bd5+ Nxd5 30. Qxd5+ Kf6 31. Qxd6+ Re6 32. Rf8+ Qf7 33. Rxf7+
Kxf7 34. Qxc5 Ra6 35. Qc7+ Kf6 36. Qd8+ Kg7 37. Qd7+ Kf6 38. g4 h6 39. g5+ hxg5
40. Qd8+ Kf7 41. fxg5 Rb6 42. c5 Rb1+ 43. Kf2 Ke6 44. Qd6+ Kf7 45. Qd7+ 1-0

[Event "Reykjavik Open 2016"]
[Site "Reykjavik ISL"]
[Date "2016.03.09"]
[Round "2.61"]
[White "Grandelius, Nils"]
[Black "Sigurdsson, Birkir Karl"]
[Result "1-0"]
[WhiteTitle "GM"]
[WhiteElo "2646"]
[BlackElo "1857"]
[WhiteFideId "1710400"]
[BlackFideId "2304180"]
[EventDate "2016.03.08"]

1. c4 Nf6 2. Nc3 e6 3. Nf3 d5 4. d4 Bb4 5. cxd5 exd5 6. Bf4 O-O 7. e3 c5 8. Bd3
Ne4 9. O-O Bf5 10. Rc1 Nc6 11. dxc5 Bxc3 12. bxc3 Qa5 13. Nd4 Bg6 14. Bxe4 dxe4
15. Bd6 Rfe8 16. Qb3 Qa6 17. Nb5 Na5 18. Qa4 Rec8 19. Nc7 Rxc7 20. Bxc7 b6 21.
cxb6 axb6 22. Rfd1 Qb7 23. Rd8+ Rxd8 24. Bxd8 f6 25. Qb5 Bf7 26. Qxb6 Qxb6 27.
Bxb6 1-0

[Event "Reykjavik Open 2016"]
[Site "Reykjavik ISL"]
[Date "2016.03.09"]
[Round "2.62"]
[White "Koop, Thorben"]
[Black "Meier, Gerd"]
[Result "1-0"]
[WhiteTitle "IM"]
[WhiteElo "2416"]
[BlackElo "1851"]
[WhiteFideId "24661619"]
[BlackFideId "4682971"]
[EventDate "2016.03.08"]

1. Nf3 Nf6 2. g3 d6 3. d4 g6 4. Bg2 Bg7 5. O-O O-O 6. c4 Nbd7 7. Nc3 c6 8. Qc2
Re8 9. Rd1 Qc7 10. e4 e5 11. h3 h6 12. Be3 Nf8 13. Rac1 Be6 14. d5 cxd5 15. cxd5
Bd7 16. Qd2 Kh7 17. Nb5 Qb8 18. Nc7 Nxe4 19. Qb4 f5 20. Nxa8 Qxa8 21. Nd2 Nxd2
22. Rxd2 Qb8 23. Rdc2 Rd8 24. Rc7 Bc8 25. Bxh6 1-0

[Event "Reykjavik Open 2016"]
[Site "Reykjavik ISL"]
[Date "2016.03.09"]
[Round "2.63"]
[White "Kristinsson, Jon"]
[Black "Kakulidis, Ellen"]
[Result "0-1"]
[WhiteElo "2211"]
[BlackElo "1843"]
[WhiteFideId "2300141"]
[BlackFideId "1444972"]
[EventDate "2016.03.08"]

1. d4 Nf6 2. c4 e6 3. Nf3 b6 4. g3 Bb7 5. Bg2 Be7 6. Nc3 O-O 7. O-O Ne4 8. Qc2
Nxc3 9. Qxc3 d6 10. Rd1 Nd7 11. b3 Qc8 12. Bb2 a5 13. a3 Nf6 14. Rac1 Re8 15.
Bh3 Ne4 16. Qc2 f5 17. Ne1 Ng5 18. Bg2 Bxg2 19. Kxg2 Qb7+ 20. f3 Bf6 21. h4 Nf7
22. e4 fxe4 23. Qxe4 Qc8 24. Nd3 e5 25. d5 Nd8 26. b4 axb4 27. axb4 Nf7 28. Rd2
Qd7 29. Nf2 Ra4 30. Bc3 Rea8 31. Qd3 Ra3 32. Ne4 Qd8 33. Qe2 Nh8 34. f4 Nf7 35.
Qg4 Kh8 36. Rf1 Qe7 37. Qe6 Re8 38. Bb2 Ra2 39. fxe5 Qxe6 40. dxe6 Nxe5 41. Nxf6
gxf6 42. Rxf6 Kg8 43. Bc3 Rxd2+ 44. Bxd2 Nxc4 45. Bh6 Ne5 46. e7 Nd7 47. Rf2
Rxe7 48. b5 Re5 49. Rc2 Rc5 50. Rb2 Kf7 51. g4 Ne5 52. Be3 Rc4 53. g5 Rxh4 54.
Ra2 Nc4 55. Kg3 Re4 56. Bf4 Na5 57. Rc2 Rc4 58. Rh2 Kg7 59. Re2 Kf7 60. Rh2 Kg8
61. Re2 Nb3 62. Re7 Nd4 63. Re4 Nf5+ 64. Kf3 Nh4+ 65. Ke3 Ng2+ 66. Kd3 Rxe4 0-1

[Event "Reykjavik Open 2016"]
[Site "Reykjavik ISL"]
[Date "2016.03.09"]
[Round "2.64"]
[White "Erikstad, Olav"]
[Black "Johannesson, Oliver"]
[Result "0-1"]
[BlackTitle "FM"]
[WhiteElo "1838"]
[BlackElo "2177"]
[WhiteFideId "1504983"]
[BlackFideId "2305623"]
[EventDate "2016.03.08"]

1. d4 d5 2. Nc3 Bf5 3. f3 c5 4. e4 dxe4 5. fxe4 cxd4 6. exf5 dxc3 7. Bb5+ Nc6 8.
Qf3 Rc8 9. Ne2 g6 10. Nxc3 Bg7 11. Bd2 Nf6 12. Rd1 O-O 13. Bxc6 Rxc6 14. Be3 Qa5
15. O-O a6 16. Rf2 Rc4 17. Qxb7 Ng4 18. Bb6 Qe5 19. Rf3 Qxh2+ 20. Kf1 Qh1+ 21.
Ke2 Qxg2+ 22. Bf2 Nxf2 23. Qxa6 Nxd1+ 0-1

[Event "Reykjavik Open 2016"]
[Site "Reykjavik ISL"]
[Date "2016.03.09"]
[Round "2.65"]
[White "Hardarson, Jon Trausti"]
[Black "Koes, Richard"]
[Result "1/2-1/2"]
[WhiteElo "2058"]
[BlackElo "1840"]
[WhiteFideId "2302594"]
[BlackFideId "1020528"]
[EventDate "2016.03.08"]

1. e4 e5 2. Nf3 Nc6 3. Bc4 Nf6 4. Ng5 d5 5. exd5 Na5 6. Bb5+ c6 7. dxc6 bxc6 8.
Bd3 Nd5 9. Nf3 Bd6 10. Nc3 Nf4 11. O-O Nxd3 12. cxd3 O-O 13. Qa4 Rb8 14. h3 Rb4
15. Qd1 f5 16. Re1 Qc7 17. a3 Rb3 18. Qe2 Re8 19. Nd4 Bd7 20. Nxb3 Nxb3 21. Rb1
Nd4 22. Qd1 Qb7 23. b4 Qa6 24. Qa4 Qxd3 25. Qxa7 Be6 26. Bb2 Qxd2 27. Ba1 Qg5
28. Kh1 Qd2 29. Rf1 Qf4 30. Rbd1 e4 31. g3 Qf3+ 32. Kh2 f4 33. Ne2 fxg3+ 34.
Nxg3 Bxg3+ 35. fxg3 Qe2+ 36. Kh1 Nf5 37. Be5 e3 38. Rxf5 Qxd1+ 39. Kh2 Qc2+ 40.
Kg1 Qb1+ 41. Rf1 Qg6 42. Qxe3 Bxh3 43. Re1 Qf7 44. Qf2 Qd5 45. Bc3 Rf8 46. Qe2
h6 47. Kh2 Bd7 48. a4 Qf3 49. Qe3 Qh5+ 50. Kg1 Rf3 51. Qe5 Qg6 52. Kg2 Rf5 53.
Qe3 1/2-1/2

[Event "Reykjavik Open 2016"]
[Site "Reykjavik ISL"]
[Date "2016.03.09"]
[Round "2.66"]
[White "Baumgartner, Christopher"]
[Black "Stray, Gunnar"]
[Result "1/2-1/2"]
[WhiteElo "1821"]
[BlackElo "2050"]
[WhiteFideId "2022087"]
[BlackFideId "1501631"]
[EventDate "2016.03.08"]

1. e4 c5 2. a3 e6 3. b4 b6 4. Bb2 Bb7 5. d3 d5 6. exd5 Qxd5 7. Nf3 cxb4 8. axb4
Nf6 9. c3 Nbd7 10. Be2 Be7 11. O-O O-O 12. c4 Qc6 13. b5 Qc7 14. Nbd2 Rfd8 15.
Qc2 a6 16. bxa6 Bxa6 17. Qc3 Bb7 18. Rxa8 Rxa8 19. Ra1 Nc5 20. Rxa8+ Bxa8 21.
Qa3 Bc6 22. Qa1 Qb7 23. Bf1 Be8 24. Ba3 Qa7 25. Bb2 Qb7 26. Ba3 Qa7 27. Bb2 Qb7
28. Ba3 Qa7 1/2-1/2

[Event "Reykjavik Open 2016"]
[Site "Reykjavik ISL"]
[Date "2016.03.09"]
[Round "2.67"]
[White "Heimisson, Hilmir Freyr"]
[Black "Jonsson, Pall G"]
[Result "1-0"]
[WhiteElo "2048"]
[BlackElo "1828"]
[WhiteFideId "2309998"]
[BlackFideId "2303205"]
[EventDate "2016.03.08"]

1. d4 Nf6 2. c4 e6 3. Nc3 Bb4 4. Nf3 O-O 5. Qc2 Re8 6. e4 h6 7. e5 Nh7 8. Bd3
Nf8 9. O-O d6 10. Be3 Bxc3 11. bxc3 dxe5 12. Nxe5 Nbd7 13. f4 c5 14. dxc5 Qc7
15. Qf2 Nf6 16. Rae1 Bd7 17. Bd4 Ba4 18. Qg3 Qe7 19. f5 Qc7 20. fxe6 Rxe6 21.
Bf5 Ra6 22. Re3 Re8 23. c6 Bxc6 24. Ng4 Nxg4 25. Qxc7 Nxe3 26. Bg6 Ne6 27. Qxf7+
Kh8 28. Bxg7+ Nxg7 29. Qf8+ 1-0

[Event "Reykjavik Open 2016"]
[Site "Reykjavik ISL"]
[Date "2016.03.09"]
[Round "2.68"]
[White "Kruger, Jan"]
[Black "Ruonala, Robert"]
[Result "0-1"]
[WhiteElo "1810"]
[BlackElo "2048"]
[WhiteFideId "1709119"]
[BlackFideId "1724703"]
[EventDate "2016.03.08"]

1. f4 d5 2. Nf3 g6 3. e3 Bg7 4. Be2 Nh6 5. O-O O-O 6. d3 b6 7. Qe1 Bb7 8. d4 Nd7
9. Bd3 Nf6 10. Nbd2 e6 11. Ne5 c5 12. c3 Rc8 13. Ndf3 Nf5 14. b3 Nd6 15. Bb2
Nfe4 16. Bxe4 Nxe4 17. Nd2 Nd6 18. g4 Re8 19. Qg3 Qe7 20. g5 Nf5 21. Qf2 Bxe5
22. dxe5 d4 23. exd4 cxd4 24. c4 Qc5 25. h3 Ne3 26. Rfc1 Qc6 27. Kh2 Rcd8 28.
Rg1 Kg7 29. Nf1 Nf5 30. Rd1 Rh8 31. Ng3 Nh4 32. Nh5+ gxh5 33. Qxh4 Qf3 34. Rd2
Qe3 35. Qf2 Qe4 36. Ba3 Rhg8 37. Bd6 d3 38. Re1 Qf5 39. Qe3 h4 40. Rxd3 h6 41.
Rd2 hxg5 42. Rg1 Kh8 43. fxg5 Rg7 44. Rf2 Qg6 45. Qf4 Rh7 46. Qf6+ Qxf6 47. gxf6
Rg8 48. Rxg8+ Kxg8 49. Rf4 Rh5 50. Rg4+ Kh8 51. Kg1 Rh7 52. Kf2 Rh5 53. Ke3 Bc6
54. Kd4 Bf3 55. Rg7 Rh7 56. Rg5 Rh5 57. Rg1 Rf5 58. c5 bxc5+ 59. Bxc5 a6 60. b4
Bh5 61. Rh1 Rf2 62. a4 Ra2 63. a5 Ra3 64. Rh2 Bg6 65. Bd6 Bf5 66. Kc5 Rxh3 67.
Ra2 Bd3 68. Bc7 Rg3 69. Kd6 h3 70. Ke7 Kg8 71. Rd2 Be4 72. Rd8+ Kh7 73. Kxf7 h2
74. Kxe6 h1=Q 75. f7 Rg6+ 76. Ke7 Qh4+ 77. Kd7 Bf5+ 78. Ke8 Re6+ 79. Kd7 Qe7+
80. Kc8 Rb6+ 0-1

[Event "Reykjavik Open 2016"]
[Site "Reykjavik ISL"]
[Date "2016.03.09"]
[Round "2.69"]
[White "Thorsteinsdottir, Gudlaug"]
[Black "Andersen, Dag"]
[Result "1/2-1/2"]
[WhiteTitle "WFM"]
[WhiteElo "2047"]
[BlackElo "1811"]
[WhiteFideId "2300753"]
[BlackFideId "1504568"]
[EventDate "2016.03.08"]

1. d4 d5 2. c4 c6 3. Nf3 e6 4. Nc3 f5 5. Bf4 Nf6 6. e3 Be7 7. Bd3 O-O 8. Qc2 Ne4
9. h4 Nd7 10. O-O-O Qa5 11. Bxe4 fxe4 12. Ne5 Nxe5 13. Bxe5 b5 14. cxb5 cxb5 15.
f3 Bd7 16. Kb1 b4 17. Ne2 Rac8 18. Qd2 Bb5 19. Nc1 Qb6 20. fxe4 dxe4 21. g4 Bc4
22. g5 a5 23. Rh2 a4 24. Rf2 Rxf2 25. Qxf2 b3 26. a3 Ba6 27. d5 exd5 28. Qd2 Bc4
29. Ka1 Rf8 30. Qc3 Rf7 31. Rg1 Qe6 32. h5 g6 33. h6 Qf5 34. Bf4 Qd7 35. Rd1 Qg4
36. Rh1 Bxg5 37. Bd6 Qe6 38. Qb4 Qd7 39. Bc5 Be7 40. Bxe7 Rxe7 41. Qc3 Rf7 42.
Qe5 Qe7 43. Qb8+ Qf8 44. Qb6 Rf6 45. Qa7 Bb5 46. Qb7 Bc4 47. Qd7 Rf7 48. Qxa4
Rf3 49. Qd7 Rf7 50. Qe6 Qe7 51. Qb6 Rf6 52. Qb8+ Rf8 53. Qb6 Ra8 54. Kb1 Ra6 55.
Qb8+ Qf8 56. Qb7 Ra8 1/2-1/2

[Event "Reykjavik Open 2016"]
[Site "Reykjavik ISL"]
[Date "2016.03.09"]
[Round "2.70"]
[White "Rowan, Daniel"]
[Black "Freuler, Roman"]
[Result "1-0"]
[WhiteElo "1801"]
[BlackElo "2047"]
[WhiteFideId "431737"]
[BlackFideId "1304283"]
[EventDate "2016.03.08"]

1. d4 Nf6 2. Bg5 c5 3. d5 Qb6 4. Nc3 g6 5. e4 d6 6. Rb1 Bg7 7. Nf3 O-O 8. Be2
Nbd7 9. O-O a6 10. a4 Re8 11. Nd2 Qc7 12. Nc4 Rb8 13. a5 b5 14. axb6 Nxb6 15. f4
Nxc4 16. Bxc4 Nd7 17. Qd3 Nb6 18. Ba2 a5 19. Nb5 Qd7 20. Na3 Ra8 21. Qd2 Ba6 22.
Rfe1 Qc7 23. c3 Reb8 24. Qf2 Re8 25. Re3 h6 26. Bh4 Rab8 27. Bg3 Na4 28. e5 Kh7
29. Qc2 Nb6 30. Rbe1 Red8 31. f5 gxf5 32. Qxf5+ Kg8 33. exd6 exd6 34. Re7 1-0

[Event "Reykjavik Open 2016"]
[Site "Reykjavik ISL"]
[Date "2016.03.09"]
[Round "2.71"]
[White "Mages, Steffen"]
[Black "De Winter, Eric"]
[Result "1-0"]
[WhiteElo "2037"]
[BlackElo "1808"]
[WhiteFideId "24662208"]
[BlackFideId "1033069"]
[EventDate "2016.03.08"]

1. d4 Nf6 2. c4 g6 3. Nf3 d5 4. Nc3 Bg7 5. Bf4 c6 6. e3 O-O 7. Qb3 a6 8. cxd5
cxd5 9. Bd3 Nc6 10. O-O Na5 11. Qb4 Nc6 12. Qc5 Qa5 13. Qxa5 Nxa5 14. Rfc1 b5
15. Bc7 Nc4 16. b3 Ra7 17. Bg3 Na3 18. Be5 Rd7 19. h3 Bb7 20. Ne2 Ne4 21. Bxg7
Kxg7 22. Ne5 Rdd8 23. Rc7 Nd6 24. Rxe7 Bc8 25. Rc1 Kf6 26. Ra7 Bf5 27. Bxf5 Kxf5
28. Rxa6 b4 29. g4+ Ke4 30. Ng3# 1-0

[Event "Reykjavik Open 2016"]
[Site "Reykjavik ISL"]
[Date "2016.03.09"]
[Round "2.72"]
[White "Mai, Aron Thor"]
[Black "Raddatz, Michael"]
[Result "1/2-1/2"]
[WhiteElo "1784"]
[BlackElo "2023"]
[WhiteFideId "2313383"]
[BlackFideId "4613252"]
[EventDate "2016.03.08"]

1. e4 c5 2. Nf3 Nc6 3. d3 d6 4. g3 Nf6 5. Bg2 g6 6. O-O Bg7 7. c3 O-O 8. Re1 Qa5
9. Nbd2 Bd7 10. Nc4 Qc7 11. a4 Rad8 12. Ne3 e6 13. Nd2 Ne5 14. Qe2 Ne8 15. f4
Nc6 16. Nf3 f5 17. exf5 gxf5 18. Nc4 Nf6 19. Ng5 Rde8 20. Nf3 b6 21. Rb1 a6 22.
b4 cxb4 23. cxb4 Nd5 24. Ng5 b5 25. Ne3 h6 26. Nxd5 exd5 27. Bxd5+ Kh8 28. Ne6
Bxe6 29. Bxe6 Nd4 30. Qd1 Rxe6 31. Rxe6 Nxe6 32. Bb2 Bd4+ 33. Kg2 Qc6+ 34. Kh3
Rg8 35. Qe2 Qe8 36. Re1 Bxb2 37. Qxb2+ Kh7 38. Qf2 Qh5+ 39. Kg2 Qg6 40. Qe3 Re8
41. Kf1 bxa4 42. Qa7+ Qg7 43. Qxa6 Nc7 44. Qxa4 Rxe1+ 45. Kxe1 Qc3+ 46. Kf2 Kg6
47. Qd7 Qc2+ 48. Kg1 Qd1+ 49. Kf2 Qd2+ 50. Kg1 Qe3+ 51. Kg2 Qb6 52. g4 fxg4 53.
Qxg4+ Kf6 54. Qh4+ Kf5 55. Qh5+ Kxf4 56. Qxh6+ Kf5 57. Qh7+ Ke6 58. Qe4+ Kd7 59.
Qg4+ Ne6 60. h4 Qe3 61. Qf5 Ke7 62. Qh7+ Kf6 63. Qh8+ Kf5 64. Qh5+ Kf6 65. Qh8+
Kg6 66. Qe8+ Kg7 67. Qe7+ Kh6 68. Qxd6 Kh5 69. Qd5+ Kxh4 70. Qe4+ Nf4+ 71. Kf1
Qh3+ 72. Ke1 Kg4 73. Kd2 Qh8 74. Kc2 Kg5 75. d4 Qc8+ 76. Kb3 Qg8+ 77. Ka4 Qa2+
78. Kb5 Qb3 79. Qe5+ Kg4 80. Qd6 Nd5 81. Qc5 Kf4 1/2-1/2

[Event "Reykjavik Open 2016"]
[Site "Reykjavik ISL"]
[Date "2016.03.09"]
[Round "2.73"]
[White "Davidsdottir, Nansy"]
[Black "Harringer, Manfred"]
[Result "0-1"]
[WhiteElo "1778"]
[BlackElo "2016"]
[WhiteFideId "2309491"]
[BlackFideId "12958336"]
[EventDate "2016.03.08"]

1. e4 e5 2. Nf3 Nc6 3. d4 exd4 4. Nxd4 Nf6 5. Nxc6 bxc6 6. Bd3 Be7 7. O-O d6 8.
b3 O-O 9. Bb2 Re8 10. Nd2 a5 11. c4 Ng4 12. Be2 Bf6 13. Bxf6 Nxf6 14. Qc2 c5 15.
f4 Bg4 16. Bf3 Bxf3 17. Rxf3 Ng4 18. Raf1 Qf6 19. Rd3 Qe7 20. Rg3 f5 21. Qc3 h5
22. exf5 Qe2 23. Qd3 Qxd3 24. Rxd3 Ne3 25. Re1 Nxf5 26. Rxe8+ Rxe8 27. Kf2 Ra8
28. Nb1 a4 29. Nc3 axb3 30. axb3 Kf7 31. Nb5 Rc8 32. Na7 Rd8 33. Nb5 Rd7 34. Nc3
Nd4 35. Ne2 Nc6 36. Nc3 Nb4 37. Re3 Nc2 38. Rd3 Nd4 39. Ne2 Nc2 40. Nc3 c6 41.
Ne4 Ke6 42. h3 h4 43. Rd2 Nd4 44. b4 Kf5 45. Ng5 Nb3 46. Rd3 Nc1 47. Rd1 Kxf4
48. Ne6+ Ke5 49. Nxc5 Rf7+ 50. Ke3 dxc5 51. Rxc1 cxb4 52. Rb1 c5 53. Rd1 b3 54.
Rd2 Rb7 55. Rb2 Rb4 56. Kd3 Kf4 57. Rf2+ Kg3 58. Rb2 g5 59. Kc3 Kf4 60. Rf2+ Ke3
61. Rb2 Rb7 62. Rb1 b2 63. Kc2 Rb4 64. Kc3 Ke2 65. Rxb2+ Rxb2 66. Kxb2 Kd3 67.
Kb3 Kd4 68. Kc2 Kxc4 0-1